000 02698nam0a2200445 4500
001 RU\NLR\bibl\737910
005 20260405072933.0
010 _a5-86324-109-8
_9250
021 _aRU
_b2004-61470
_93021
035 _aRSL-KNO-002485222
035 _a(NLR Aleph) 000727820
090 _a743561
_c743561
100 _a20041006d2004 |||y0rusy50 ca
101 0 _arus
102 _aRU
105 _aa |||||||||
106 _ar
200 1 _aСиндром гиперстимуляции яичников
_eпрактическое руководство
_fИ. Е. Корнеева, Е.А. Калинина, Д.П. Камилова, А.В. Иванова
_gРос. акад. мед. наук, Науч. центр акушерства, гинекологии и перинатологии, Отд-ние сохранения и восстановления репродуктив. функции
205 _a2-е изд., перераб. и доп.
210 _aМосква
_cНИКИЭТ
_d2004
215 _a56 с.
_cил.
_d21
225 1 _aСохранение и восстановление репродуктивной функции
320 _aБиблиогр.: с. 47-56 (126 назв.)
606 1 _aГиперстимуляции яичников синдром
_jРуководства, пособия и т.п.
_92225173
_3RU\NLR\auth\661335864
610 0 _aЗдравоохранение. Медицинские науки -- Гинекология -- Физиология и патофизиология женского организма -- Гинекологическая эндокринология -- Физиология и патология функций яичников -- Практические руководства. Методические рекомендации
610 0 _aгиперфункция яичников
686 _aР712.55я81
_2rubbk
686 _aР715.55я77
686 _aР569.715.2 Рак-48я77
686 _aР712.54-5я77
701 1 _4070
_8rus
_7ca
_aКорнеева
_bИ.Е.
_gИрина Евгеньевна
_3RU\NLR\auth\7725341
_98390
701 1 _4070
_8rus
_7ca
_aКалинина
_bЕ.А.
_cд-р мед. наук
_gЕлена Анатольевна
_3RU\NLR\auth\7725342
_98391
701 1 _4070
_8rus
_7ca
_aКамилова
_bД.П.
_gДилоромхон Пулатджановна
_3RU\NLR\auth\7725335
_98384
701 1 _4070
_8rus
_7ca
_aИванова
_bА. В.
_cспециалист в обл. гинекологии
_3RU\NLR\AUTH\7725340
_98389
801 0 _aRU
_bRuMoRKP
_c20041006
_grcr
801 1 _aRU
_bRuMoRGB
_c20041006
801 2 _aRU
_bNLR
_c20050322
_gPSBO
942 _cBOOK
980 _aNB